000 00566nam a22002057a 4500
003 SISC
005 20160303090509.0
008 130723t xxu||||| |||| 00| 0 eng d
020 _a1-85326-110-6
050 _aPZ 7
_b.M362 1993
082 _aCLA M34c
_b1993
100 _aMarryat, Captain
_92814
245 _aThe children of the new forest /
_cCaptain Marryat.
260 _aHerfordshire :
_bWorldsworth editions Ltd,
_cc1993.
300 _a308 p.,
_c18 cm.
562 _e1
650 _2 Children's literature
942 _2lcc
_cBK
999 _c7396
_d7396